Nuevos estudios sobre Don Andrés Bello.

Zapisane w:
Opis bibliograficzny
1. autor: Amunátegui Reyes, Miguel Luis (autor)
Format: Książka
Język:hiszpański
Wydane: Santiago, Chile: Imprenta, Litografía i Encuadernación Barcelona, 1902.
Hasła przedmiotowe:
Etykiety: Dodaj etykietę
Nie ma etykietki, Dołącz pierwszą etykiete!

MARC

LEADER 00000nam a2200000 a 4500
001 UCJ4177
003 CL-VaPUC
005 20220822114356.0
008 070124e19020000CL |||||||||||||||||spa|d
999 |c 320294  |d 320292 
040 |c Pontificia Universidad Católica de Valparaíso 
082 0 4 |a 928 AMU 1902  |2 21 
100 |a Amunátegui Reyes, Miguel Luis  |e autor  |9 342446 
245 1 0 |a Nuevos estudios sobre Don Andrés Bello. 
260 |a Santiago, Chile:   |b Imprenta, Litografía i Encuadernación Barcelona,   |c 1902.  
300 |a 181 páginas  
500 |a c.1 Donación Familia Prof. Alejandro Guzmán Brito. 
583 |a last modification  |c 20070124 00:00:00  |k Rodrigo Vera 
600 0 |a Bello, Andrés,   |9 545824  |d 1781-1865  |x Prensa y periodismo   |z Chile 
942 |c BK  |2 ddc  |n 0 
945 |d 20070124 00:00:00  |a rinostro 
952 |0 0  |1 0  |4 0  |6 928_000000000000000_AMU_1902  |7 0  |8 X  |9 398785  |a FDOBUD  |b FDOBUD  |d 2019-11-22  |i 1014889  |o 928 AMU 1902  |p 1014889  |r 2019-11-22  |w 2019-11-22  |y BK_X  |k BUD 
952 |0 0  |1 0  |4 0  |6 928_000000000000000_AMU_1902  |7 0  |8 X  |9 398786  |a FDOBUD  |b FDOBUD  |d 2019-11-22  |i 1023047  |o 928 AMU 1902  |p 1023047  |r 2019-11-22  |w 2019-11-22  |y BK_X  |k BUD 
952 |0 0  |1 0  |4 0  |6 928_000000000000000_AMU_1902  |7 0  |8 X  |9 398787  |a FDOBUD  |b FDOBUD  |d 2019-11-22  |i 1067486  |o 928 AMU 1902  |p 1067486  |r 2019-11-22  |w 2019-11-22  |y BK_X  |k BUD 
952 |0 0  |1 0  |4 0  |6 928_000000000000000_AMU_1902  |7 0  |8 X  |9 399851  |a FDOBUD  |b FDOBUD  |d 2019-11-22  |i 1029371  |o 928 AMU 1902  |p 1029371  |r 2019-11-22  |w 2019-11-22  |y BK_X  |k BUD 
952 |0 0  |1 0  |2 ddc  |4 0  |6 928_000000000000000_AMU_1902  |7 1  |8 C_AGB  |9 583335  |a BIBDER  |b BIBDER  |d 2022-06-01  |i 5651468  |o 928 AMU 1902  |p 5651468  |r 2023-01-25  |t 1  |w 2022-06-01  |y BK_US  |k AGB